Biggest Cities in Each U.S. State - Extreme - Statistics

General Stats
  • This quiz has been taken 83,930 times
    4,566 since last reset
  • The average score is 110 of 200
Answer Stats
State Population City % Correct
California 3,869,089 Los Angeles
97%
Florida 489,812 Miami
95%
Arizona 1,665,481 Phoenix
95%
California 826,079 San Francisco
95%
Colorado 740,613 Denver
94%
New York 8,584,629 New York
94%
Georgia 529,110 Atlanta
93%
Illinois 2,731,585 Chicago
93%
Mississippi 141,196 Jackson
93%
California 1,406,106 San Diego
93%
Hawaii 350,964 Honolulu
92%
Nevada 679,817 Las Vegas
92%
Alaska 287,155 Anchorage
91%
Indiana 901,116 Indianapolis
91%
Florida 1,017,689 Jacksonville
91%
Kansas 157,805 Kansas City
91%
Missouri 521,220 Kansas City
91%
Massachusetts 672,973 Boston
90%
Texas 1,329,491 Dallas
90%
Texas 2,397,315 Houston
90%
Florida 333,888 Orlando
90%
Pennsylvania 1,574,281 Philadelphia
90%
Maine 69,911 Portland
90%
Oregon 635,109 Portland
90%
Michigan 649,095 Detroit
89%
Louisiana 362,154 New Orleans
89%
Florida 413,554 Tampa
89%
Georgia 202,171 Columbus
88%
Ohio 938,396 Columbus
88%
Oklahoma 719,849 Oklahoma City
88%
Utah 218,428 Salt Lake City
88%
Alaska 31,609 Juneau
87%
Arkansas 206,427 Little Rock
87%
Tennessee 721,074 Nashville
87%
Washington 784,777 Seattle
87%
Maryland 569,997 Baltimore
86%
Ohio 363,608 Cleveland
86%
Minnesota 430,324 Minneapolis
86%
Texas 1,548,422 San Antonio
86%
New Mexico 556,588 Albuquerque
85%
New York 274,613 Buffalo
85%
Ohio 314,367 Cincinnati
85%
Pennsylvania 307,632 Pittsburgh
85%
Alabama 195,893 Birmingham
84%
North Carolina 964,784 Charlotte
84%
Iowa 212,086 Des Moines
84%
Tennessee 609,647 Memphis
84%
California 989,814 San Jose
84%
Arizona 548,371 Tucson
83%
Louisiana 222,795 Baton Rouge
82%
Kentucky 641,962 Louisville
82%
North Carolina 506,306 Raleigh
82%
Nebraska 488,797 Omaha
81%
Massachusetts 154,702 Springfield
81%
Missouri 169,847 Springfield
81%
Rhode Island 195,310 Providence
80%
Idaho 238,429 Boise
79%
South Carolina 159,423 Charleston
79%
West Virginia 46,117 Charleston
79%
Colorado 494,743 Colorado Springs
79%
Connecticut 121,981 Hartford
79%
Wisconsin 562,407 Milwaukee
79%
Alabama 195,300 Montgomery
79%
Minnesota 306,684 St. Paul
79%
Texas 1,028,117 Fort Worth
78%
Delaware 30,359 Newark
78%
New Jersey 323,808 Newark
78%
Nevada 283,621 Reno
78%
Missouri 278,144 St. Louis
78%
Nebraska 301,522 Lincoln
77%
Virginia 237,257 Richmond
77%
New Mexico 89,837 Santa Fe
76%
Oklahoma 416,209 Tulsa
76%
Georgia 201,999 Augusta
73%
Delaware 40,592 Dover
73%
New Hampshire 34,623 Dover
73%
Alaska 31,468 Fairbanks
73%
Alabama 200,824 Mobile
73%
Wyoming 66,507 Cheyenne
71%
Missouri 130,851 Columbia
71%
South Carolina 147,035 Columbia
71%
Wisconsin 286,233 Madison
71%
Oregon 181,779 Salem
71%
Kansas 400,987 Wichita
71%
Minnesota 124,292 Rochester
70%
New York 206,108 Rochester
70%
Virginia 453,737 Virginia Beach
70%
North Dakota 77,963 Bismarck
69%
New Jersey 302,013 Jersey City
67%
North Dakota 136,275 Fargo
66%
South Dakota 213,748 Sioux Falls
66%
Montana 121,239 Billings
65%
Arizona 513,656 Mesa
64%
Connecticut 138,774 New Haven
64%
Michigan 201,183 Grand Rapids
63%
Kentucky 329,751 Lexington
63%
Ohio 263,423 Toledo
62%
New Hampshire 44,597 Concord
60%
Tennessee 202,021 Knoxville
60%
Delaware 73,512 Wilmington
60%
Washington 230,783 Spokane
59%
Colorado 410,053 Aurora
58%
Illinois 181,505 Aurora
58%
Alabama 233,627 Huntsville
58%
North Carolina 305,561 Durham
56%
Utah 114,527 Provo
56%
New Hampshire 116,818 Manchester
55%
Wisconsin 106,675 Green Bay
54%
North Carolina 308,667 Greensboro
54%
Indiana 275,203 Fort Wayne
53%
Nevada 296,653 North Las Vegas
53%
Oregon 178,618 Eugene
52%
Connecticut 152,273 Bridgeport
51%
Washington 229,816 Tacoma
50%
Vermont 44,019 Burlington
49%
New York 212,603 Yonkers
49%
Tennessee 194,144 Chattanooga
48%
Arkansas 106,623 Fayetteville
48%
Louisiana 175,902 Shreveport
47%
Virginia 231,013 Norfolk
46%
Iowa 137,935 Cedar Rapids
45%
Nevada 353,289 Henderson
44%
Louisiana 123,311 Lafayette
44%
Georgia 157,556 Macon
44%
Iowa 86,356 Sioux City
44%
Massachusetts 213,862 Worcester
44%
Maine 32,518 Bangor
41%
Pennsylvania 126,044 Allentown
39%
Wyoming 58,771 Casper
39%
Hawaii 44,186 Hilo
39%
Montana 58,814 Bozeman
38%
Montana 78,903 Missoula
38%
Massachusetts 122,588 Cambridge
36%
Colorado 171,500 Fort Collins
36%
New Mexico 116,978 Las Cruces
36%
Connecticut 139,535 Stamford
34%
Washington 199,698 Vancouver
34%
Iowa 100,358 Davenport
32%
South Dakota 80,589 Rapid City
32%
Indiana 116,176 Evansville
31%
Virginia 255,332 Chesapeake
29%
Illinois 153,114 Naperville
29%
Oklahoma 130,943 Norman
29%
Kansas 203,677 Overland Park
29%
Minnesota 89,034 Bloomington
28%
New Jersey 141,675 Elizabeth
28%
Arizona 287,285 Gilbert
27%
Kentucky 78,505 Bowling Green
26%
Mississippi 76,506 Gulfport
26%
Illinois 152,241 Joliet
26%
Idaho 120,384 Nampa
26%
New Hampshire 92,435 Nashua
26%
Oklahoma 124,991 Broken Arrow
24%
Arkansas 90,855 Fort Smith
24%
North Dakota 60,365 Grand Forks
23%
Montana 60,208 Great Falls
23%
West Virginia 44,815 Huntington
23%
Idaho 142,988 Meridian
23%
New Jersey 161,793 Paterson
23%
Nebraska 64,863 Bellevue
22%
West Virginia 30,293 Morgantown
22%
Wisconsin 99,239 Kenosha
21%
Wyoming 32,284 Laramie
21%
Pennsylvania 95,832 Reading
20%
Maryland 92,059 Frederick
19%
South Carolina 129,245 North Charleston
19%
Hawaii 45,295 Pearl City
19%
Alaska 10,556 Wasilla
19%
Maine 38,866 Lewiston
18%
North Dakota 47,308 Minot
18%
Kansas 150,025 Olathe
18%
Rhode Island 84,187 Warwick
18%
Indiana 105,634 Carmel
17%
Hawaii 50,922 East Honolulu
17%
Nebraska 53,943 Grand Island
17%
Utah 116,812 West Jordan
17%
Utah 137,491 West Valley City
17%
Rhode Island 77,065 Pawtucket
16%
Michigan 137,138 Warren
16%
Wyoming 34,024 Gillette
15%
Mississippi 48,802 Hattiesburg
15%
South Dakota 27,961 Aberdeen
14%
New Mexico 114,419 Rio Rancho
14%
Michigan 133,931 Sterling Heights
14%
Rhode Island 84,647 Cranston
13%
Kentucky 60,892 Owensboro
13%
Vermont 21,394 South Burlington
13%
Oregon 111,513 Gresham
12%
Maine 27,007 South Portland
12%
Maryland 67,563 Rockville
11%
Vermont 15,363 Rutland
11%
Arkansas 90,685 Springdale
11%
Maryland 71,113 Gaithersburg
10%
West Virginia 28,593 Parkersburg
10%
Idaho 76,629 Caldwell
9%
Delaware 25,798 Middletown
9%
Mississippi 57,819 Southaven
9%
South Carolina 95,469 Mount Pleasant
8%
South Dakota 25,355 Brookings
7%
Vermont 10,921 Essex Junction
7%
No matching quizzes found
Score Distribution
Percent of People with Each Score
Percentile by Number Answered
Your Score History
You have not taken this quiz since the last reset